000 00682nam a22002777a 4500
008 130513b xxu||||| |||| 00| 0 eng d
020 _a
024 _cavailable
037 _cavailable
040 _aMBSTU LIbrary
082 _222
_a428 CHW
100 _aChatterjee, Dev Kumar
110 _a
245 _aWord Treasur
250 _a
260 _aKolkata
_bK K Bhattacherjee Oriental book company Ltd.
_c2003
300 _a17 cm
_b634 page
_f1
_g17 cm
600 _aEnglish Usage
651 _a
700 _aChatterjee,Dev Kumar
710 _a
270 _aKolkata
_bKolkata
_dIndia
365 _b110.00
_d110.00
942 _2ddc
_cBK
999 _c374
_d374